Statistics for Rarest Answers in the Countries of the World One Minute Sprint

Click here to take the quiz!

General Stats

  • This quiz has been taken 122 times
  • The average score is 185 of 196

Answers on the Map

Answers color-coded by a green-red scale on the quiz's map according to % correct below.
 

Answer Stats

Country% Correct
Afghanistan
100%
Albania
100%
Algeria
100%
Andorra
100%
Angola
100%
Antigua and Barbuda
100%
Argentina
100%
Armenia
100%
Australia
100%
Austria
100%
Bahamas
100%
Bahrain
100%
Bangladesh
100%
Barbados
100%
Belarus
100%
Belgium
100%
Belize
100%
Benin
100%
Bhutan
100%
Bolivia
100%
Bosnia and Herzegovina
100%
Botswana
100%
Brazil
100%
Brunei
100%
Bulgaria
100%
Cambodia
100%
Cameroon
100%
Canada
100%
Central African Republic
100%
Chad
100%
Chile
100%
China
100%
Colombia
100%
Costa Rica
100%
Croatia
100%
Cuba
100%
Cyprus
100%
Czech Republic
100%
Democratic Republic of the Congo
100%
Denmark
100%
Dominica
100%
Dominican Republic
100%
Ecuador
100%
Egypt
100%
El Salvador
100%
Eritrea
100%
Estonia
100%
Ethiopia
100%
Fiji
100%
Finland
100%
France
100%
Gabon
100%
Gambia
100%
Georgia
100%
Germany
100%
Ghana
100%
Greece
100%
Grenada
100%
Guatemala
100%
Guinea
100%
Guyana
100%
Haiti
100%
Honduras
100%
Hungary
100%
Iceland
100%
India
100%
Indonesia
100%
Iran
100%
Iraq
100%
Ireland
100%
Israel
100%
Italy
100%
Jamaica
100%
Japan
100%
Jordan
100%
Kazakhstan
100%
Kenya
100%
Kiribati
100%
Kosovo
100%
Kuwait
100%
Laos
100%
Latvia
100%
Lebanon
100%
Lesotho
100%
Liberia
100%
Libya
100%
Lithuania
100%
Luxembourg
100%
Macedonia
100%
Madagascar
100%
Malawi
100%
Malaysia
100%
Maldives
100%
Mali
100%
Malta
100%
Mexico
100%
Moldova
100%
Monaco
100%
Mongolia
100%
Morocco
100%
Myanmar
100%
Namibia
100%
Nauru
100%
Nepal
100%
Netherlands
100%
New Zealand
100%
Nicaragua
100%
Niger
100%
Nigeria
100%
North Korea
100%
Norway
100%
Oman
100%
Pakistan
100%
Palau
100%
Panama
100%
Papua New Guinea
100%
Paraguay
100%
Peru
100%
Philippines
100%
Poland
100%
Portugal
100%
Qatar
100%
Republic of the Congo
100%
Romania
100%
Russia
100%
Rwanda
100%
Saint Kitts and Nevis
100%
Saint Lucia
100%
Saint Vincent and Grenadines
100%
Samoa
100%
San Marino
100%
São Tomé and Príncipe
100%
Saudi Arabia
100%
Senegal
100%
Serbia
100%
Singapore
100%
Slovakia
100%
Slovenia
100%
Somalia
100%
South Africa
100%
South Korea
100%
South Sudan
100%
Spain
100%
Sri Lanka
100%
Sudan
100%
Suriname
100%
Sweden
100%
Switzerland
100%
Syria
100%
Taiwan
100%
Thailand
100%
Togo
100%
Tonga
100%
Trinidad and Tobago
100%
Tunisia
100%
Turkey
100%
Tuvalu
100%
Uganda
100%
Ukraine
100%
United Arab Emirates
100%
United Kingdom
100%
United States
100%
Uruguay
100%
Vanuatu
100%
Vatican City
100%
Venezuela
100%
Vietnam
100%
Yemen
100%
Zambia
100%
Mauritania
80%
Uzbekistan
80%
Tajikistan
78%
Turkmenistan
77%
Tanzania
75%
Mozambique
74%
Burkina Faso
73%
Kyrgyzstan
73%
Côte d'Ivoire
70%
Zimbabwe
68%
Guinea-Bissau
63%
Sierra Leone
63%
Azerbaijan
62%
Swaziland
59%
Comoros
57%
Federated States
of Micronesia
54%
Cabo Verde
52%
Seychelles
52%
Burundi
50%
Equatorial Guinea
49%
Mauritius
48%
Marshall Islands
46%
Solomon Islands
46%
Timor-Leste
44%
Djibouti
36%
Montenegro
33%
Liechtenstein
30%

Score Distribution

Percentile by Number Answered

Percent of People with Each Score

Your Score History

You have not taken this quiz